<?xml version="1.0" encoding="UTF-8"?>
<record
    xmlns:xsi="http://www.w3.org/2001/XMLSchema-instance"
    xsi:schemaLocation="http://www.loc.gov/MARC21/slim http://www.loc.gov/standards/marcxml/schema/MARC21slim.xsd"
    xmlns="http://www.loc.gov/MARC21/slim">

  <leader>01077nam a2200265 a 4500</leader>
  <controlfield tag="001">BRCA_1679</controlfield>
  <controlfield tag="005">20190320203514.0</controlfield>
  <controlfield tag="008">980112s1998    dcua---##b---#001-0#eng-#</controlfield>
  <datafield tag="020" ind1=" " ind2=" ">
    <subfield code="a">1560985720</subfield>
  </datafield>
  <datafield tag="040" ind1=" " ind2=" ">
    <subfield code="a">DLC</subfield>
    <subfield code="c">DLC</subfield>
    <subfield code="d">DLC</subfield>
  </datafield>
  <datafield tag="050" ind1=" " ind2="4">
    <subfield code="a">ND1807</subfield>
    <subfield code="b">.F47 1998</subfield>
  </datafield>
  <datafield tag="100" ind1="1" ind2=" ">
    <subfield code="a">Ferber, Linda S.</subfield>
    <subfield code="9">5239</subfield>
  </datafield>
  <datafield tag="245" ind1="1" ind2="0">
    <subfield code="a">Masters of Color and Light</subfield>
    <subfield code="b">Homer, Sargent, and the American Watercolor Movement</subfield>
    <subfield code="c">Linda S. Ferber and Barbara Dayer Gallati.</subfield>
  </datafield>
  <datafield tag="260" ind1=" " ind2=" ">
    <subfield code="a">Washington</subfield>
    <subfield code="b">The Brooklyn Museum of Art : Smithsonian Institution</subfield>
    <subfield code="c">c1998</subfield>
  </datafield>
  <datafield tag="300" ind1=" " ind2=" ">
    <subfield code="a">xiii, 223 p.</subfield>
    <subfield code="b">il. (algunas a color)</subfield>
    <subfield code="c">28 cm.</subfield>
  </datafield>
  <datafield tag="500" ind1=" " ind2=" ">
    <subfield code="a">Incluye &#xED;ndice alfab&#xE9;tico</subfield>
  </datafield>
  <datafield tag="504" ind1=" " ind2=" ">
    <subfield code="a">Incluye referencias bibliogr&#xE1;ficas</subfield>
  </datafield>
  <datafield tag="600" ind1="1" ind2="4">
    <subfield code="a">Homer, Winslow</subfield>
    <subfield code="d">1836-1910</subfield>
    <subfield code="v">Exposiciones</subfield>
    <subfield code="9">5240</subfield>
  </datafield>
  <datafield tag="600" ind1="1" ind2="4">
    <subfield code="a">Sargent, John Singer</subfield>
    <subfield code="d">1856-1925</subfield>
    <subfield code="v">Exposiciones</subfield>
    <subfield code="9">5241</subfield>
  </datafield>
  <datafield tag="610" ind1="2" ind2="4">
    <subfield code="a">Brooklyn Museum of Art (Nueva York)</subfield>
    <subfield code="v">Exposiciones</subfield>
    <subfield code="9">5242</subfield>
  </datafield>
  <datafield tag="650" ind1="1" ind2="4">
    <subfield code="a">Acuarelas americanas</subfield>
    <subfield code="v">Exposiciones</subfield>
    <subfield code="y">Siglo XIX</subfield>
    <subfield code="9">5243</subfield>
  </datafield>
  <datafield tag="650" ind1="1" ind2="4">
    <subfield code="a">Acuarelas</subfield>
    <subfield code="v">Exposiciones</subfield>
    <subfield code="z">Nueva York (Estado)</subfield>
    <subfield code="9">5244</subfield>
  </datafield>
  <datafield tag="700" ind1="1" ind2=" ">
    <subfield code="a">Gallati, Barbara Dayer</subfield>
    <subfield code="9">5245</subfield>
  </datafield>
  <datafield tag="942" ind1=" " ind2=" ">
    <subfield code="2">lcc</subfield>
    <subfield code="c">B</subfield>
  </datafield>
  <datafield tag="999" ind1=" " ind2=" ">
    <subfield code="c">1473</subfield>
    <subfield code="d">1473</subfield>
  </datafield>
  <datafield tag="952" ind1=" " ind2=" ">
    <subfield code="0">0</subfield>
    <subfield code="1">0</subfield>
    <subfield code="4">0</subfield>
    <subfield code="7">0</subfield>
    <subfield code="a">BRCA</subfield>
    <subfield code="b">BRCA</subfield>
    <subfield code="d">2008-06-27</subfield>
    <subfield code="l">0</subfield>
    <subfield code="o">ND1807 .F47 1998</subfield>
    <subfield code="p">02316</subfield>
    <subfield code="r">2019-03-22 00:00:00</subfield>
    <subfield code="w">2019-03-22</subfield>
    <subfield code="y">B</subfield>
  </datafield>
</record>
